Die 14 Achttausender - Statistiken

Allgemein
  • Dieses Quiz wurde 262 mal gespielt
  • Das Durchschnittsergebnis liegt bei 8 aus 14
Antwortstatistiken
Höhe Berg % Korrekt
8611 K2
98%
8848 Mount Everest
78%
8091 Annapurna
71%
8047 Broad Peak
66%
8516 Lhotse
65%
8163 Manaslu
61%
8126 Nanga Parbat
60%
8201 Cho Oyu
56%
8485 Makalu
55%
8068 Gasherbrum 1
48%
8035 Gasherbrum 2
48%
8222 Dhaulagiri
46%
8027 Shisha Pangma
43%
8585 Kanchenjunga
22%
Keine übereinstimmenden Quizze gefunden
Verteilung der Resultate
Anzahl Personen mit jedem Resultat
Perzentil nach korrekt beantworteten Fragen
Ihre Resultats-Entwicklung
Sie haben dieses Quiz noch nicht gespielt